The noble scholar, jurist, historian


 His Excellency Dr. Abdul Wahhab bin Ibrahim Abu Sulaiman, may Allah have mercy on him.


 He was born in Umm Al-Qura in the year 1356 AH.

أحكام تختص بالمرأة في الحج والعمرة / (Record no. 8285)

MARC details
000 -LEADER
fixed length control field 01544caa a2200301 ib4500
003 - CONTROL NUMBER IDENTIFIER
control field SA-RiAUC
005 - DATE AND TIME OF LATEST TRANSACTION
control field 20250523160005.0
008 - FIXED-LENGTH DATA ELEMENTS--GENERAL INFORMATION
fixed length control field 250521s1998 su g f000f0 ara c
040 ## - CATALOGING SOURCE
Original cataloging agency SA-JeALM
Language of cataloging ara
Transcribing agency SA-RiAUC
Description conventions rda
082 04 - DEWEY DECIMAL CLASSIFICATION NUMBER
Classification number 252.5082
090 ## - LOCALLY ASSIGNED LC-TYPE CALL NUMBER (OCLC); LOCAL CALL NUMBER (RLIN)
Classification number (OCLC) (R) ; Classification number, CALL (RLIN) (NR) 252.5082
Local cutter number (OCLC) ; Book number/undivided call number, CALL (RLIN) ا ب ي م
100 1# - MAIN ENTRY--PERSONAL NAME
Personal name أبي مصعب، علي بن ناصر بن محمد.
Relator term مؤلف.
245 10 - TITLE STATEMENT
Title أحكام تختص بالمرأة في الحج والعمرة /
Statement of responsibility, etc. بقلم أبي مصعب علي بن ناصر بن محمد : راجع وقدم له محمد بن عبدالوهاب العقيل.
246 37 - VARYING FORM OF TITLE
Title proper/short title ملف الحج
264 ## - PRODUCTION, PUBLICATION, DISTRIBUTION, MANUFACTURE, AND COPYRIGHT NOTICE
Name of producer, publisher, distributor, manufacturer علي ناصر أبو مصعب.
Date of production, publication, distribution, manufacture, or copyright notice 2006
300 ## - PHYSICAL DESCRIPTION
Extent 4 صفحة
336 ## - CONTENT TYPE
Content type term نص
Content type code txt
Source rdacontent
Materials specified مقالة
337 ## - MEDIA TYPE
Media type term بدون وسيط
Media type code n
Source rdamedia
338 ## - CARRIER TYPE
Carrier type term مجلد
Carrier type code nc
Source rdacarrier
580 ## - LINKING ENTRY COMPLEXITY NOTE
Linking entry complexity note في : الجندي المسلم.
650 #7 - SUBJECT ADDED ENTRY--TOPICAL TERM
Topical term or geographic name entry element الحج (فقه إسلامي)
Form subdivision مقالات ومحاضرات
Source of heading or term aucsh
650 #7 - SUBJECT ADDED ENTRY--TOPICAL TERM
Topical term or geographic name entry element العمرة (فقه إسلامي)
Source of heading or term aucsh
650 #7 - SUBJECT ADDED ENTRY--TOPICAL TERM
Topical term or geographic name entry element المرأة (فقه إسلامي)
Form subdivision مقالات ومحاضرات
Source of heading or term aucsh
700 ## - ADDED ENTRY--PERSONAL NAME
Personal name العقيل, محمد بن عبدالوهاب.
Relator term راجع وقدم له.
773 0# - HOST ITEM ENTRY
Title الجندي المسلم / إدارة الشؤون الدينية، القيادة العامة للجيش والقوات المسلحة.
Related parts سنة 26، عدد 90 (ذو الحجة / المحرم / صفر 1418 / 1419 هجري = إبريل 1998)، صفحة 84-87
942 ## - ADDED ENTRY ELEMENTS (KOHA)
Source of classification or shelving scheme Dewey Decimal Classification
Koha item type Books
Suppress in OPAC No
949 ## - LOCAL PROCESSING INFORMATION (OCLC)
a SA-JeALM
d 250521
u mohamedma123
n 1
Holdings
Withdrawn status Lost status Source of classification or shelving scheme Damaged status Not for loan Home library Current library Date acquired Total checkouts Full call number Barcode Date last seen Price effective from Koha item type
    Dewey Decimal Classification     DR AbdElwahab Library DR AbdElwahab Library 05/23/2025   252.5082 ا ب ي م 000013502 05/23/2025 05/23/2025 Books